00181nam a2200073Ia 4500008004100000100000900041245003700050260002000087120527s9999 xx 000 0 und d aNSMA aThe Nigerian stock market Annual bWAPIC Ins. Plc.